Monet /

Enregistré dans:
Détails bibliographiques
Auteur principal: Monet, Claude (pintor)
Autres auteurs: Sproccati, Sandro (texto) (texto)
Format: Livre
Langue:espagnol
Publié: Nueva York, EUA : Mallard, 1992, c1992
Sujets:
Tags: Ajouter un tag
Pas de tags, Soyez le premier à ajouter un tag!

MARC

LEADER 00000nam^a2200000^a^4500
001 000188318
005 20250521000000.0
009 20260310102331.519
020 |a 0-7924-5677-7 
037 |a Acervo ITESO - Biblioteca 
041 |a ESP 
082 |a 759. 4  |b MON SPR 
100 |a Monet, Claude  |e (pintor) 
245 1 0 |a Monet /  |c C. Monet ; texto de S. Sproccati. 
264 4 |a Nueva York, EUA :  |b Mallard,  |c 1992, c1992 
300 |a 287 p. 
336 |a texto  |b txt  |2 rdacontenido 
337 |a sin mediación  |b n  |2 rdamedio 
338 |a volumen  |b nc  |2 rdasoporte 
545 0 |a A Claude Monet (1840-1926) debe el impresionismo su nombre, por el título de una de sus obras, llamada "Impresión, amanecer", presentada en la primera exposición del grupo en 1874. Son famosos sus estudios hechos a diversos "objetos" (la catedral de Ruan, ramos de flores, Londres, Venecia, entre otros) en distintos momentos del día, en su afán por capturar la luz en todas sus dimensiones. A fines del siglo XIX creó en Giverny un jardín acuático, cuyos nenúfares se convirtieron en motivo central de su obra durante muchos años. Algunos críticos incluso consideran estas pinturas como antecedentes inequívocos del arte abstracto. 
649 |a XX 
650 |a Pintores Franceses 
650 |a Artistas Franceses 
650 |a Paisajismo 
650 |a Impresionismo 
650 |a Pintura Moderna -  |x Historia y Crítica 
650 |a Pintura Francesa -  |y Siglo XIX 
650 |a Pintura Francesa -  |y Siglo XX 
650 |a Pintura Francesa -  |x Historia y Crítica 
650 |a Arte Moderno -  |x Historia y Crítica 
650 |a Arte Francés -  |y Siglo XIX 
650 |a Arte Francés -  |y Siglo XX 
650 |a Arte Francés -  |x Historia y Crítica 
650 |a Monet, Claude 
700 |a Sproccati, Sandro  |e (texto) 
910 |a Fondo Julio de la Peña Lomelín 
920 |a Impresos - Libros 
930 |a Arquitectos Jaliscienses 
905 |a 115 
901 |a 0500130807  |b IT1  |c JAL  |u 20250521 
902 |a https://opac.biblio.iteso.mx/vufind/Record/000188318